Blow up Pragensis (Zašít se.)

Podrobná bibliografia
Hlavný autor: Stankovič, Andrej (Autor)
Médium: Článok
Jazyk:čeština
Predmet:

MARC

LEADER 00000nab a2200000 a 4500
001 vtls000413963
003 SK-MaSNL
005 20260304014221.0
008 241209c1991 xo 0 cze
015 |a SNBRB19rr/mm-uuuuu 
035 |a CL0414088 
035 |a urn:nbn:sk:snk-abent2 
035 |a (urnnbn)urn:nbn:sk:snk:ar-000fcc 
035 |a (uuid)64ee94c6-157f-4624-b0f4-a7f675420157 
040 |a SNKBUCL  |b slo  |c SNKBUCL  |e AACR2 
041 0 |a cze 
044 |a xo  |c SK 
080 |a 885.0-1  |2 1981 
100 1 |a Stankovič, Andrej  |4 aut  |9 971961 
245 1 0 |a Blow up Pragensis  |b (Zašít se.)  |c Andrej Stankovič 
655 7 |a česká poézia  |2 snkbucl  |9 70569 
655 7 |a články z novín a časopisov  |2 snkbucl  |9 267496 
655 7 |a články z odboru literárna veda a krásna literatúra  |2 snkbucl  |9 770045 
773 0 |t Slovenské pohľady  |g Roč. 107, č. 3 (1991), s. 61 
850 |a Slovenská národná knižnica 
852 |a Slovenská národná knižnica 
958 |a RK 
958 |a CZ 
958 |a LX 
958 |a OND 
958 |a EUIPO 
958 |a article27 
992 |a RBX 
999 |c 2582539  |d 2584469